| 000 | 01618cam a22004097a 4500 | ||
|---|---|---|---|
| 003 | CHAP | ||
| 005 | 20220329142730.0 | ||
| 008 | 030324d2002 mx bd r 00110 spa d | ||
| 010 | _a87000 | ||
| 011 | _a87972 | ||
| 035 | _a98517 | ||
| 040 | _cCHAP | ||
| 090 | _aTesis | ||
| 100 | 0 | 0 |
_aLópez Córdova, Yanira. _967786 |
| 245 | 1 | 0 |
_aReconversión técnica y productiva para la conservación en la Reserva de la Biosfera El Triunfo: _bel caso de los Bienes Comunales San Antonio, Mpio. de Pijijiapan, Chiapas _c/por Yanira López Córdova |
| 260 |
_aChapingo, Méx. : _bEl autor, _c2002 |
||
| 300 |
_a98 h. : _bgráfs. ; mapas ; cuadros ; diagramas ; anexos |
||
| 502 | _aTesis (Ing. en Agroecología) -- UACH. Departamento de Agroecología | ||
| 590 |
_aALEPH _b10 _c20130110 _lUCH01 _h1452 |
||
| 590 |
_aBATCH-UPD _b10 _c20130110 _lUCH01 _h0341 |
||
| 590 |
_aBATCH-UPD _b10 _c20130110 _lUCH01 _h1825 |
||
| 590 |
_aBATCH-UPD _b10 _c20130410 _lUCH01 _h0014 |
||
| 590 |
_aBATCH-UPD _b10 _c20130914 _lUCH01 _h0636 |
||
| 590 |
_aCONVERSION _b10 _c20130109 _lUCH01 _h1348 |
||
| 650 | 1 | 1 |
_aLeguminosas forrajeras _965868 |
| 650 | 1 | 4 |
_aÁreas protegidas _xChiapas. _96868 |
| 650 | 1 | 4 |
_aBiósfera. _912844 |
| 650 | 1 | 4 |
_aPastoreo. _985984 |
| 650 | 1 | 4 |
_aRecursos naturales _xConservación _zChiapas. _995260 |
| 650 | 1 | 4 |
_aReserva de la Biósfera El Triunfo, Chis. _996095 |
| 650 | 1 | 4 |
_aTecnología. _9111937 |
| 901 | _aBK | ||
| 905 | _aMarco A. Mendoza T. | ||
| 942 | _cFOLL | ||
| 949 |
_aTesis _bBC _cTES _d33724000888210 _eTS2 _fc.2 _gDonaciØn _h40819 _i98517 _si |
||
| 949 |
_aTesis _bBC _cTES _d985171 _eTS1 _gDonaciØn _h40818 _i98517 _sb |
||
| 999 |
_c87000 _d87000 |
||